00470nam a2200145Ia 4500003000900000008004100009040003300050041000800083080001100091100002900102245010400131246004800235260002600283300001500309LK-CoDNM010623t2011 xxu||||| |||| 00| 1 sin d aLK-CoDNMdLK-CoDNMeLK-CoDNM asin a17 PAL aPalihawadana,Kaleeshiyas aතර්ක ශාස්ත්‍රය සහ විද්‍යාත්මක කර්මය 1 aTharka Shastraya saha Vidyathmaka Kramaya 1 bRathnaaColomboc2011 b471, 21 cm